[Event "Bagnoles de l'Orne"]
[Site "Bagnoles de l'Orne"]
[Date "2009.05.31"]
[Round "4"]
[White "Blondel, Jerome"]
[Black "Durfort, Olivier"]
[Result "1-0"]
[WhiteElo "1878"]
[BlackElo "1492"]
[PlyCount "89"]
[EventDate "2009.05.30"]
[EventType "swiss"]
[EventRounds "6"]
[EventCountry "FRA"]
[SourceTitle "CBM 130 Extra"]
[Source "ChessBase"]
[SourceDate "2009.07.02"]
[SourceVersion "2"]
[SourceVersionDate "2009.07.15"]
[SourceQuality "1"]

1. d4 e6 2. c4 b6 3. e4 Bb7 4. Nc3 Bb4 5. d5 exd5 6. cxd5 Ne7 7. Qd4 Bxc3+ 8. Qxc3 0-0 9. Bf4 c6 10. d6 Ng6 11. Bg3 c5 12. f3 Nc6 13. Bc4 Nd4 14. Ne2 Nxe2 15. Bxe2 Bc6 16. h4 Re8 17. h5 Nf8 18. h6 gxh6 19. Rxh6 Qg5 20. Rh3 Ng6 21. Kf2 b5 22. b3 Re6 23. Rah1 Nf8 24. Rh5 Qf6 25. Qxf6 Rxf6 26. Rxc5 Bxe4 27. Be5 Rf5 28. g4 Rxe5 29. Rxe5 Bc6 30. Bxb5 Bxb5 31. Rxb5 Kg7 32. Rc1 Kf6 33. Rh5 Kg6 34. f4 f6 35. Rhc5 Kf7 36. f5 h6 37. Rc8 Rxc8 38. Rxc8 Nh7 39. Rc7 Ke8 40. Rxa7 Ng5 41. Ke3 Nh7 42. Ra8+ Kf7 43. Rh8 Kg7 44. Rxh7+ Kxh7 45. a4 1-0

[Event "Angers op 2nd"]
[Site "Angers"]
[Date "2007.04.15"]
[Round "5.31"]
[White "Durfort, Olivier"]
[Black "Jean, Francis"]
[Result "1-0"]
[WhiteElo "1750"]
[BlackElo "1499"]
[PlyCount "109"]
[EventDate "2007.04.13"]
[EventType "swiss"]
[EventRounds "6"]
[EventCountry "FRA"]
[SourceTitle "CBM 117 Extra"]
[Source "ChessBase"]
[SourceDate "2007.05.09"]
[SourceVersion "1"]
[SourceVersionDate "2007.05.09"]
[SourceQuality "1"]

1. e4 c6 2. d4 d5 3. e5 Bf5 4. Nf3 Nd7 5. h3 e6 6. Nc3 h6 7. a3 c5 8. Be3 cxd4 9. Bxd4 a6 10. Bd3 Bxd3 11. Qxd3 Rc8 12. b4 Be7 13. 0-0 Qc7 14. Rfc1 f6 15. exf6 Ngxf6 16. Qe3 Nf8 17. Na4 N6d7 18. Bxg7 Rg8 19. Qxh6 Kf7 20. Bd4 Rg6 21. Qh5 Nf6 22. Ne5+ Kg7 23. Nxg6 Nxg6 24. Qe2 Nf4 25. Qe3 Kf7 26. Be5 Bd6 27. Bxd6 Qxd6 28. Nc5 Rg8 29. Kf1 Nxg2 30. Qf3 Qh2 31. Nd7 Ne3+ 32. Qxe3 Nxd7 33. Ke2 Rg6 34. Rh1 Qd6 35. h4 d4 36. Qf3+ Ke7 37. Rag1 Qe5+ 38. Kd2 Rf6 39. Qg3 Qd5 40. Re1 e5 41. Rh3 Qa2 42. f4 Rc6 43. Qb3 Qxb3 44. Rxb3 Re6 45. fxe5 Rh6 46. Rh3 Ke6 47. Kd3 Rh5 48. Kxd4 Nxe5 49. Re4 Kd6 50. c4 Nc6+ 51. Kc3 Kc7 52. Rd3 Ne5 53. Rd5 Rf5 54. Rdxe5 Rxe5 55. Rxe5 1-0

[Event "Angers op 2nd"]
[Site "Angers"]
[Date "2007.04.15"]
[Round "6.25"]
[White "Julien, Franck"]
[Black "Durfort, Olivier"]
[Result "1-0"]
[WhiteElo "1610"]
[BlackElo "1750"]
[PlyCount "131"]
[EventDate "2007.04.13"]
[EventType "swiss"]
[EventRounds "6"]
[EventCountry "FRA"]
[SourceTitle "CBM 117 Extra"]
[Source "ChessBase"]
[SourceDate "2007.05.09"]
[SourceVersion "1"]
[SourceVersionDate "2007.05.09"]
[SourceQuality "1"]

1. d4 d5 2. Nf3 Nc6 3. c4 e6 4. e3 a6 5. a3 Nf6 6. Nc3 Be7 7. Bd3 dxc4 8. Bxc4 Nd5 9. 0-0 0-0 10. Qc2 Bf6 11. Bd3 g6 12. b4 Re8 13. Bb2 Bg7 14. Rad1 b5 15. Ne4 Bb7 16. Nc5 Qc8 17. Nxb7 Qxb7 18. Rc1 Nce7 19. Qd2 Rac8 20. Rc2 c6 21. Rfc1 Rc7 22. Qe2 f5 23. Ng5 Nc8 24. Qd2 Nd6 25. g3 Bh6 26. h4 Ree7 27. Qe2 Nf6 28. Nf3 Ng4 29. Ne5 Nxe5 30. dxe5 Nc8 31. Rd1 Nb6 32. Bc1 Bf8 33. e4 Nd7 34. exf5 gxf5 35. Bb2 Rg7 36. Qf3 Be7 37. Kh2 Nb6 38. Rg1 Nd5 39. Qd1 Qb6 40. g4 f4 41. g5 c5 42. Qe1 cxb4 43. Rxc7 Qxc7 44. axb4 Bxb4 45. Qb1 Qb6 46. Qc2 Bc5 47. Rc1 Rc7 48. Kg2 Nb4 49. Bxh7+ Kh8 50. Qg6 Rxh7 51. Qe8+ Kg7 52. Qd7+ Kg8 53. Qc8+ Bf8 54. Qe8 Nd3 55. Qg6+ Rg7 56. Qxd3 a5 57. Bd4 Qb7+ 58. f3 a4 59. g6 Rd7 60. Qc3 b4 61. Qc4 Re7 62. Bc5 Rc7 63. Qxe6+ Kh8 64. Bxf8 Rxc1 65. g7+ Kh7 66. g8Q# 1-0

[Event "Angers op 2nd"]
[Site "Angers"]
[Date "2007.04.14"]
[Round "4.32"]
[White "Meunier, Thomas"]
[Black "Durfort, Olivier"]
[Result "1-0"]
[WhiteElo "1390"]
[BlackElo "1750"]
[PlyCount "79"]
[EventDate "2007.04.13"]
[EventType "swiss"]
[EventRounds "6"]
[EventCountry "FRA"]
[SourceTitle "CBM 117 Extra"]
[Source "ChessBase"]
[SourceDate "2007.05.09"]
[SourceVersion "1"]
[SourceVersionDate "2007.05.09"]
[SourceQuality "1"]

1. d4 d5 2. c4 e6 3. Nc3 Nf6 4. Bg5 Be7 5. Nf3 0-0 6. e3 Nbd7 7. cxd5 exd5 8. Bd3 c6 9. 0-0 Nh5 10. Bxe7 Qxe7 11. Ne5 Nxe5 12. Bxh7+ Kxh7 13. Qxh5+ Kg8 14. Qxe5 Qxe5 15. dxe5 Bf5 16. h3 Rfe8 17. g4 Bd3 18. Rfd1 Ba6 19. f4 Re6 20. Kf2 Rae8 21. e4 Rh6 22. Kg3 dxe4 23. Nxe4 Rhe6 24. Nc5 R6e7 25. Nxa6 bxa6 26. Rd6 Rc7 27. Rc1 Re6 28. Rxe6 fxe6 29. f5 Kf7 30. Kf4 c5 31. Rc4 Ke7 32. b4 exf5 33. gxf5 Kd7 34. Rxc5 Rb7 35. a3 Rb6 36. Kg5 Ke7 37. Rc7+ Kf8 38. f6 gxf6+ 39. exf6 Re6 40. Kg6 1-0

[Event "Angers op 1st"]
[Site "Angers"]
[Date "2006.05.07"]
[Round "3"]
[White "Durfort, Olivier"]
[Black "Le Corre, Patrick"]
[Result "1-0"]
[WhiteElo "1640"]
[BlackElo "2007"]
[PlyCount "37"]
[EventDate "2006.05.06"]
[EventType "swiss"]
[EventRounds "6"]
[EventCountry "FRA"]
[SourceTitle "EXT 2007"]
[Source "ChessBase"]
[SourceDate "2006.11.23"]
[SourceVersion "1"]
[SourceVersionDate "2006.11.23"]
[SourceQuality "1"]

1. e4 d6 2. d4 Nf6 3. Nc3 g6 4. a3 c6 5. Bc4 Bg7 6. Nge2 0-0 7. 0-0 b5 8. Ba2 a5 9. b4 c5 10. f3 axb4 11. axb4 Qb6 12. bxc5 dxc5 13. Bxf7+ Kxf7 14. Rxa8 Ba6 15. Bf4 Nfd7 16. Nd5 Qb7 17. Nc7 cxd4 18. Qa1 d3 19. Qa2+ 1-0